000 00708cab a2200253 4500
001 ABS51145
008 090401t1994 xxu||||| |||| 00| 0 eng d
035 _a(Sirsi) u12785
041 _aeng
100 _aCatalano, A.
245 _aNice little earners
260 _c1994
350 _a0
490 _aEstates Gazette
_v(9430) 30 July 1994, 45-46(2)
520 _aEstimates the remuneration of property company executives to form a league table of the top 45.
650 _aEARNINGS
650 _aPROPERTY COMPANIES
650 _aRANKINGS
650 _aSALARIES
690 _aMANAGEMENT-BUSINESS MANAGEMENT-PROFESSIONAL PRACTICE
700 _aLennox, K.
942 _n0
948 _c04/03/1997
999 _c8194
_d8194